| 000 | 01510nam0a22003251 4500 | ||
|---|---|---|---|
| 001 | v19\rc\1560601 | ||
| 005 | 20260407113217.0 | ||
| 035 | _a(NLR Aleph) 004683805 | ||
| 090 |
_a3843330 _c3843330 |
||
| 100 | _a20060620e18911891|||y0rusy50 ca | ||
| 101 | 0 | _arus | |
| 102 | _aRU | ||
| 105 | _ay z ||||| | ||
| 200 | 1 | _aОтчет о деятельности приглашенного Министерством государственных имуществ в качестве губернского агронома Полтавской губернии П. Дубровского, за время с 5 ноября 1889 г. по 31 декабря 1890 года | |
| 210 |
_aСанкт-Петербург _cтип. В. Демакова _d[1891] |
||
| 215 |
_a28 с. _d23 |
||
| 309 | _aБез тит. л. и обл. | ||
| 311 | _aИзвлеч. из "Земледел. газ." № 36-39, 1891 г. | ||
| 488 | 0 |
_12001#$aЗемледельческая газета$v1891, № 36-39 _tЗемледельческая газета |
|
| 607 | _aПолтавская губерния | ||
| 700 | 1 |
_aДубровский _bП.М. _f1857-1916 _gПавел Михайлович |
|
| 712 | 0 | 1 |
_aРоссия _bМинистерство государственных имуществ _3RU\NLR\AUTH\889942724 _9380460 |
| 801 | 0 |
_aRU _bNLR _gpsbo |
|
| 801 | 0 |
_aRU _bRuMoRGB _2psbo |
|
| 801 | 1 |
_aRU _bProSoft-M _2rusmarc |
|
| 852 |
_aNLR _j18.256.8.64 |
||
| 899 | _aRuMoRGB | ||
| 899 | _aБАН | ||
| 942 | _cBOOK | ||
| 980 | _aNB | ||